书目信息 |
| 题名: |
英语专业四级词汇分组·高频·串记
|
|
| 作者: | 恩波 主编 ;尚智慧 , 方薇 编著 | |
| 分册: | ||
| 出版信息: | 北京 中国对外翻译出版公司 2005.03 |
|
| 页数: | 747页 | |
| 开本: | 19cm | |
| 丛书名: | 恩波英语 | |
| 单 册: | ||
| 中图分类: | H313.1 | |
| 科图分类: | ||
| 主题词: | 英语--ying yu--词汇--高等学校--自学参考资料 | |
| 电子资源: | ||
| ISBN: | 7-5001-1359-5 | |
| 000 | 00981nam 2200277 450 | |
| 001 | CAL 012006006429 | |
| 005 | 20060605152535.20 | |
| 010 | @a7-5001-1359-5@dCNY 19.80 | |
| 099 | @aCAL 012006006429 | |
| 100 | @a20060116d2005 em y0chiy0121 ea | |
| 101 | 0 | @achi@aeng |
| 102 | @aCN@b110000 | |
| 200 | 1 | @a英语专业四级词汇分组·高频·串记@Aying yu zhuan ye si ji ci hui fen zu · gao pin · chuan ji@f主编恩波@g编著方薇, 尚智慧 |
| 210 | @a北京@c中国对外翻译出版公司@d2005.03 | |
| 215 | @a747页@d19cm | |
| 225 | 2 | @a恩波英语 |
| 330 | @a本书共分三大板块: 基本词汇、精选详解词汇和附录。全书精选了近500组近形、近义、同根或意义关联的词 (组) 辨析, 涉及2000多个词 (组) 。 | |
| 410 | 0 | @12001 @a恩波英语 |
| 606 | 0 | @a英语@Aying yu@x词汇@x高等学校@j自学参考资料 |
| 690 | @aH313.1@v4 | |
| 701 | 0 | @a恩波@Aen bo@4主编 |
| 702 | 0 | @a尚智慧@Ashang zhi hui@4编著 |
| 702 | 0 | @a方薇@Afang wei@4编著 |
| 801 | 0 | @aCN@bSCT@c20060605 |
| 905 | @dH313.1@eE046 | |
| 906 | @dCNY 19.80@n3@r1 | |
| 英语专业四级词汇分组·高频·串记/主编恩波/编著方薇, 尚智慧.-北京:中国对外翻译出版公司,2005.03 |
| 747页;19cm.-(恩波英语) |
| ISBN 7-5001-1359-5:CNY 19.80 |
| 本书共分三大板块: 基本词汇、精选详解词汇和附录。全书精选了近500组近形、近义、同根或意义关联的词 (组) 辨析, 涉及2000多个词 (组) 。 |
| ● |
| 相关链接 |
|
|
|
正题名:英语专业四级词汇分组·高频·串记
索取号:H313.1/E046
 
预约/预借
| 序号 | 登录号 | 条形码 | 馆藏地/架位号 | 状态 | 备注 |
| 1 | 607391 | 206073915 | 语言库209/209语言库 32排2列1层/ [索取号:H313.1/E046] | 在馆 | |
| 2 | 607392 | 206073924 | 语言库209/209语言库 32排2列1层/ [索取号:H313.1/E046] | 在馆 |